000 00929cab a2200217 4500
001 ABS68701
008 050224n2005 000 0 eng u
035 _a(Sirsi) u128876
100 _aJansen, M.
245 _aOscar winners
260 _c2005
490 _aProperty Week
_v70(6) 11 February 2005, 74-75 (2)
520 _aReport on Jones Lang LaSalle's office oscar survey which has recorded the first fall in service charges for five years. The survey is based on 350 properties across the UK; the data was collected between 2002 and 2003 and compiled in 2004. Scotland, however, showed an overall ncrease. Opinion is divided over whether service charges have peaked. Tables. Charts.
590 _aABS
650 _aOFFICE SERVICE CHARGE ANALYSIS AND RESEARCH
650 _aSERVICE CHARGES
650 _aOFFICES
650 _aOFFICE SERVICE CHARGE ANALYSIS
690 _aPROPERTY-COMMERCIAL PROPERTY
942 _n0
999 _c74833
_d74833